Cada día: la creación de un arte social
Sparad:
| Huvudupphovsman: | |
|---|---|
| Materialtyp: | Bok |
| Språk: | spanska |
| Publicerad: |
Santiago
Cuarto Propio
2001
|
| Upplaga: | 1a. ed |
| Serie: | Cuadernos de Análisis y Debate Culturales
|
| Ämnen: | |
| Taggar: |
Lägg till en tagg
Inga taggar, Lägg till första taggen!
|
MARC
| LEADER | 00000nam a2200000 a 4500 | ||
|---|---|---|---|
| 001 | UCK1341 | ||
| 003 | CL-VaPUC | ||
| 008 | 041112e20010000CL |||||||||||||||||spa|d | ||
| 020 | |a 9562602273 | ||
| 082 | 0 | 4 | |a 704.83 |b NEU |2 21 |
| 100 | |a Neustadt, Robert |e autor |9 595476 | ||
| 245 | 1 | 0 | |a Cada día: la creación de un arte social |
| 250 | |a 1a. ed | ||
| 300 | |a 183 p | ||
| 942 | |c BK | ||
| 945 | |d 20041112 00:00:00 |a cmena | ||
| 260 | |a Santiago |b Cuarto Propio |c 2001 | ||
| 650 | 0 | |a Artistas chilenos |9 344566 | |
| 650 | 0 | |a Bellas artes |9 334299 | |
| 650 | 0 | |a Cambio social |9 256857 | |
| 651 | 7 | |a CHILE |2 CL-VaPUC |9 489101 | |
| 583 | |a last modification |c 20041112 00:00:00 |k Rodrigo Vera | ||
| 490 | 0 | |a Cuadernos de Análisis y Debate Culturales | |
| 999 | |c 311313 |d 311311 | ||
| 952 | |0 0 |1 0 |4 0 |6 704_830000000000000_NEU_2001 |7 0 |8 R |9 380678 |a BIBART |b BIBART |d 2019-11-21 |i 4074459 |l 3 |m 2 |o 704.83 NEU 2001 |p 4074459 |r 2025-03-13 |s 2023-10-11 |w 2019-11-21 |y BK_R |k ART | ||
| 952 | |0 0 |1 0 |4 0 |6 704_830000000000000_NEU_2001 |7 0 |8 A |9 380679 |a FDOPOS |b FDOPOS |d 2019-11-21 |i 4302486 |o 704.83 NEU 2001 |p 4302486 |r 2025-01-22 |w 2019-11-21 |y BK |k MLH | ||